000
00239 a2200097 4500
001
50879
100
_a
Introduction Lab Office
245
_a
Introduction to work study
260
_a
_b
International labour Office
_c
090
_c
32251
_d
32251
942
_a
NUST-CAE
_c
M
_c
24727
999
_c
285952
_d
285952